| Tag |
First Indicator |
Second Indicator |
Subfields |
| LEADER |
00000nam a22000003u 4500 |
| 001 |
in00005772313 |
| 005 |
20260327174929.8 |
| 006 |
m o d |
| 007 |
cr ||||||||||| |
| 008 |
231012s2023 xx o 000 u und d |
| 040 |
|
|
|a OCLKB
|b eng
|e pn
|c OCLKB
|
| 020 |
|
|
|a 9780443192746
|
| 020 |
|
|
|a 044319274X
|
| 035 |
|
|
|a (OCoLC)1402685075
|
| 049 |
|
|
|a TXAM
|
| 245 |
0 |
0 |
|a Advances in Applied Microbiology, vol. 124
|
| 264 |
|
1 |
|b Academic Press
|c 2023
|
| 300 |
|
|
|a 1 online resource
|
| 336 |
|
|
|a text
|b txt
|2 rdacontent
|
| 337 |
|
|
|a computer
|b c
|2 rdamedia
|
| 338 |
|
|
|a online resource
|b cr
|2 rdacarrier
|
| 588 |
|
|
|a Machine-generated record
|
| 655 |
|
7 |
|a Electronic books.
|2 local
|
| 710 |
2 |
|
|a ScienceDirect (Online service)
|
| 856 |
4 |
0 |
|u http://proxy.library.tamu.edu/login?url=https://www.sciencedirect.com/science/bookseries/00652164/124
|z Connect to the full text of this electronic book
|t 0
|
| 955 |
|
|
|a Elsevier ScienceDirect 2026-2027
|
| 994 |
|
|
|a 92
|b TXA
|
| 999 |
f |
f |
|i c021f4df-b4c3-4e25-82ab-f9b29f335d1c
|s c4573ca1-8dc4-4fda-b46e-0d830d00a986
|t 0
|
| 952 |
f |
f |
|a Texas A&M University
|b College Station
|c Electronic Resources
|s www_evans
|d Available Online
|t 0
|h Library of Congress classification
|
| 998 |
f |
f |
|t 0
|l Available Online
|